Eco-Innovation in the Slovak Republic

Saved in:
Bibliographic Details
Main Author: Rybárová, Daniela, 1967-
Other Authors: Kmety Barteková, Mária, 1992-, Šagátová, Slavka, 1975-, Šlahor, Ľudomír, Remeňová, Katarína, 1982-
Format: Book
Language:English
Published: České Budějovice Vysoká škola evropských a regionálních studií 2022
Edition:1st Edition
Subjects:
Tags: Add Tag
No Tags, Be the first to tag this record!

MARC

LEADER 00000nam a2200000 4500
001 0290206
005 20240530064757.9
020 |a 978-80-7556-126-8 
041 0 |a eng 
044 |a CZ 
245 1 0 |a Eco-Innovation in the Slovak Republic  |c Daniela Rybárová, Mária Kmety Barteková, Slavka Šagátová ; Reviewers: Ľudomír Šlahor, Katarína Remeňová 
250 |a 1st Edition 
264 1 |a České Budějovice  |b Vysoká škola evropských a regionálních studií  |c 2022 
300 |a 115 s. [10,51 AH] 
610 2 0 |a inovácie environmentálne 
610 2 0 |a rozvoj trvalo udržateľný 
610 2 0 |a udržateľnosť 
610 2 0 |a výkonnosť inovačná 
610 2 0 |a výskum 
610 2 0 |a Slovensko 
100 1 |a Rybárová, Daniela, 1967- 
700 1 |a Kmety Barteková, Mária, 1992- 
700 1 |a Šagátová, Slavka, 1975- 
700 1 |a Šlahor, Ľudomír 
700 1 |a Remeňová, Katarína, 1982-